003510000a22001090004500090001700000245009900017041001400116100003500130942001300165773004600178999001700224 aASbSeriadas10aZonificación agroecológica de la vereda Aguaclara, municipio de la Cumbre, Valle del Cauca0 aEspañol1 aAlzate Osorio, Fabián999430 cARTICULO1 tCespedesia3124h73-74q159-190d1999g23 c14990d14990